00739nam a2200229Ia 450000500170000000800410001702000150005804100080007310000430008124500590012425000220018330000250020558600380023065000380026865000430030626400260034933600270037533700330040233800280043504000350046308400110049820220316235510.0121119s2000 ck gr 000 f spa  a95804578750 aspa1 aGarcía Márquez, Gabrield1928-201413aEl general en su laberintocGabriel García Márquez aPrimera edición a290 páginasc21 cm aPremio Nobel de Literatura, 1982 14aNovela colombianaySiglo XX2LEMB14aLiteratura colombiana ySiglo XX2LEMB aBogotábNormac2000 atextobtxt2rdacontent asin mediaciónbn2rdamedia avolumenbnc2rdacarrier aCO-BoRNBPbspaerdacCO-BoRNBP aN GAR2